书目信息 |
| 题名: |
现代饭店经营思想与竞争战略
|
|
| 作者: | 邹统钎 , 吴正平 著 | |
| 分册: | ||
| 出版信息: | 广州 广东旅游出版社 2000 |
|
| 页数: | 340页 | |
| 开本: | 21cm | |
| 丛书名: | 现代饭店管理知识丛书 | |
| 单 册: | ||
| 中图分类: | F719 | |
| 科图分类: | ||
| 主题词: | 饭店--商业管理--对比研究--世界 | |
| 电子资源: | ||
| ISBN: | 7-80521-912-5 | |
| 000 | 01091nam 22002772 450 | |
| 001 | 192004003411 | |
| 005 | 20070911094421.65 | |
| 010 | @a7-80521-912-5@dCNY16.50 | |
| 100 | @a20070602d2000 ekmy0chiy0121 ea | |
| 101 | 0 | @achi |
| 102 | @aCN@b440000 | |
| 105 | @aak z 000yy | |
| 200 | 1 | @a现代饭店经营思想与竞争战略@Axian dai fan dian jing ying si xiang yu jing zheng zhan lue@e中外酒店管理比较研究@f邹统钎, 吴正平著 |
| 210 | @a广州@c广东旅游出版社@d2000 | |
| 215 | @a340页@d21cm | |
| 225 | 2 | @a现代饭店管理知识丛书@Axian dai fan dian guan li zhi shi cong shu |
| 300 | @a其他题名:中外酒店管理比较研究 | |
| 330 | @a全书分为七篇,内容包括:酒店经营思想、现代西方酒店管理方法、沟通与人际关系、管理模式比较、酒店竞争战略、酒店热点诊断、酒店经营哲学与成功之道等。 | |
| 410 | 0 | @12001 @a现代饭店管理知识丛书 |
| 517 | 1 | @a中外酒店管理比较研究@Azhong wai jiu dian guan li bi jiao yan jiu |
| 606 | 0 | @a饭店@x商业管理@x对比研究@y世界 |
| 690 | @aF719@v4 | |
| 701 | 0 | @a邹统钎@Azou tong qian@4著 |
| 701 | 0 | @a吴正平@Awu zheng ping@4著 |
| 801 | 0 | @aCN@c20070911 |
| 905 | @dF719@eZ969 | |
| 现代饭店经营思想与竞争战略:中外酒店管理比较研究/邹统钎, 吴正平著.-广州:广东旅游出版社,2000 |
| 340页;21cm.-(现代饭店管理知识丛书) |
| 其他题名:中外酒店管理比较研究 |
| ISBN 7-80521-912-5:CNY16.50 |
| 全书分为七篇,内容包括:酒店经营思想、现代西方酒店管理方法、沟通与人际关系、管理模式比较、酒店竞争战略、酒店热点诊断、酒店经营哲学与成功之道等。 |
| ● |
| 相关链接 |
|
|
|
正题名:现代饭店经营思想与竞争战略
索取号:F719/Z969
 
预约/预借
| 序号 | 登录号 | 条形码 | 馆藏地/架位号 | 状态 | 备注 |
| 1 | 617783 | 206177830 | 社科库409/409社科库 46排3列3层/ [索取号:F719/Z969] | 在馆 | |
| 2 | 617784 | 206177849 | 社科库409/409社科库 46排3列3层/ [索取号:F719/Z969] | 在馆 | |
| 3 | 617785 | 206177858 | 社科库409/409社科库 46排3列3层/ [索取号:F719/Z969] | 在馆 |